LEADER 01385nam a2200277 4500 001 000000350424 003 CaOOAMICUS 005 20220616154538.0 008 220609s2009 vp a 000 u ita r 020 $a978-88-8271-000-2 040 $aSeMil$bita 245 10$a1: Michelangelo e la volta /$cpresentazione card. Giovanni Lajolo ; introduzione Antonio Paolucci ; a cura di Roberto Zagnoli. 264 3$aCittą del Vaticano :$bMusei vaticani ;$aMilano :$bIl Sole 24 ORE,$c2009. 300 $a190 p. :$bill. ;$c26x26 cm 700 1 $aPaolucci, Antonio,$d<1939-2024>.$0(OLS)http://semarc/name/92484 700 1 $aZagnoli, Roberto.$0(OLS)http://semarc/name/114218 700 1 $aLajolo, Giovanni,$c.$0(OLS)http://semarc/name/20094 773 0 $tParola dipinta.$dCittą del Vaticano : Musei vaticani ; Milano : Il Sole 24 ORE, 2009.$g1$w()346848 850 $aSeMil 852 $aSeMil$W1$xVenegono$y1$m5E VII 6/1$j233217$B241453$CSeMilBibl$Z2$F241453 $81 961 $aCastagna don Enrico - Omaggio 996 $6020$a978-88-8271-000-2$9(OLS)http://semarc/number/295966 996 $6245$a1: Michelangelo e la volta$9(OLS)http://semarc/title/440188 996 $6264$aCittą del Vaticano :$bMusei vaticani$9(OLS)http://semarc/publisher/34911 996 $6264$aMilano :$bIl Sole 24 ORE$9(OLS)http://semarc/publisher/32564 LEADER 01337nam a2200241 i 4500 001 000000233252 003 CaOOAMICUS 005 20210503104824.0 008 140917s1719 it u000 u mul u 013 $a212155 026 $ai-s, *ce- s,i. qule (C) 1719 (R) 040 $aSeMil$bita 245 10$aTes Palaias Diathekes kata tous hebdomekonta ... Tomus secundus, continens Veteris Testamenti libros historicos omnes, sive canonicos sive apocryphos. 300 $a374 p. 500 $aSegn.: pg2 a-m2 A-4M2 (-4M2) 773 0 $tSeptuaginta interpretum. Tomus 1. [-ultimus]. Continens Octateuchum; quem ex antiquissimo MS. codice Alexandrino accurate descriptum, et ope aliorum exemplarium, ac priscorum scriptorum ... summa cura edidit Joannes Ernestus Grabe S.T.P.$dOxonii : E Theatro Sheldoniano : Prostant venales apud Richardum Smith, bibliopolam, in Cambio Exoniensi, 1707-1720.$g2$w()30543 850 $aSeMil 852 $aSeMil$W1$xVenegono$y1$m2Y II 13 FA$j183598$B183598$CSeMilBibl$Z2$F194361 $8I 941 1 $a10 961 $aRecupero: Mantegazza 961 $aLegato in 2 tomi 996 $6245$aTes Palaias Diathekes kata tous hebdomekonta ... Tomus secundus, continens Veteris Testamenti libros historicos omnes, sive canonicos sive apocryphos$9(OLS)http://semarc/title/332845